| 000 | 00744nam a2200229Ia 4500 | ||
|---|---|---|---|
| 003 | GCL | ||
| 005 | 20240530104539.0 | ||
| 008 | 140319s9999 xx 000 0 ara d | ||
| 040 |
_aGCL / _cGCL |
||
| 082 | 0 | 4 |
_a190 _bا ش |
| 100 | 1 | _aايكيدا، ديزاكو | |
| 245 | 1 | 0 |
_aشرق وغرب: حوار فى الازمة المعاصرة / _cايكيدا، ديزاكو |
| 300 |
_a512 ص؛ _c24 سم |
||
| 490 |
_aدراسات فلسفية وفكرية _v0 |
||
| 650 | 0 | 4 | _aالفلسفة |
| 650 | 0 | 4 | _aالابداع الفنى |
| 650 | 0 | 4 | _aالفن - قيم جمالية |
| 650 | 0 | 4 | _aالفلسفة - التطور الحديث |
| 700 | 1 | _aعيسى عصفور (مترجم) | |
| 700 | 1 | _aهويغ، رينيه | |
| 942 |
_2ddc _cBK |
||
| 999 |
_c48528 _d48528 |
||